CHILD PSYCHOLOGY (Record no. 12706)

MARC details
000 -LEADER
fixed length control field 00274nam a22001337a 4500
003 - CONTROL NUMBER IDENTIFIER
control field SGT
082 ## - DEWEY DECIMAL CLASSIFICATION NUMBER
Classification number 370
Item number C16C
100 ## - MAIN ENTRY--PERSONAL NAME
Personal name CHADHA, ANUPRIYA
245 ## - TITLE STATEMENT
Title CHILD PSYCHOLOGY
260 ## - PUBLICATION, DISTRIBUTION, ETC. (IMPRINT)
Place of publication, distribution, etc NEW DELHI
Name of publisher, distributor, etc APH PUB
Year of Publication 2016
300 ## - PAGE DESCRIPTION
No. of Pages 176
650 ## - SUBJECT ADDED ENTRY--TOPICAL TERM
Topical term or geographic name as entry element EDUCATION
942 ## - ADDED ENTRY ELEMENTS (KOHA)
Source of classification or shelving scheme Dewey Decimal Classification
Koha item type Books
Holdings
Withdrawn status Lost status Source of classification or shelving scheme Damaged status Not for loan Collection code Home library Current library Shelving location Date acquired Vendor Name Cost, normal purchase price SGTU Bill Number Full call number Accession No. (Barcode) Date last seen Bill Date Koha item type
    Dewey Decimal Classification     EDUCATION SGT Engineering Library SGT Engineering Library Text Book 24/07/2017 INDIAN PUB 150.00 SGTU 102 370 C16C ED3145 24/07/2017 22/11/2016 Books